000 00577nam a22001697a 4500
003 OSt
005 20241216093750.0
008 241023b |||||||| |||| 00| 0 eng d
040 _c0
082 _aDPer050 M72 January-March 2018 v. 66 no. 8-10
100 _aRabino. Rocky.
_eauthor
_963397
245 _aTed-ed club :
_ba generation of problem solvers in school /
_cRocky Rabino.
260 _aPhilippines;
_bPublishers Association of the Philippines, Inc.,
_cSeptember 2018.
300 _aVolume 66, pages 145.
700 _aRabino. Rocky.
_eauthor
_963397
942 _2ddc
_cPER
999 _c22861
_d22861